[Event "12th Africa-ch"]
[Site "Kampala UGA"]
[Date "2016.07.17"]
[Round "1"]
[White "Adly, Ahmed"]
[Black "Kawuma, Patrick"]
[Result "1/2-1/2"]
[WhiteElo "2607"]
[BlackElo "2247"]
[EventDate "2016.07.17"]
[PlyCount "60"]

1.d4 Nf6 2.Nf3 g6 3.c4 Bg7 4.g3 d6 5.Bg2 O-O 6.O-O c6 7.Nc3 Qa5 8.e4 Bg4 
9.h3 Bxf3 10.Qxf3 Nfd7 11.Rd1 c5 12.Nd5 Nc6 13.dxc5 Nde5 14.Qb3 Qxc5 15.
Qxb7 Rab8 16.Nxe7+ Nxe7 17.Qxe7 Nxc4 18.Rd5 Qb4 19.Bf4 Rb7 20.Qh4 Qxb2 21.
Rad1 Qxa2 22.Bf1 Ne5 23.Kg2 Qc2 24.Be3 Rb4 25.R1d4 Rxd4 26.Rxd4 Nf3 27.
Kxf3 Bxd4 28.Bxd4 Qd1+ 29.Ke3 Qc1+ 30.Ke2 Qc2+ 1/2-1/2

[Event "12th Africa-ch"]
[Site "Kampala UGA"]
[Date "2016.07.17"]
[Round "1"]
[White "Aguiar, Cristiano"]
[Black "Shoker, Samy"]
[Result "0-1"]
[WhiteElo "2219"]
[BlackElo "2489"]
[EventDate "2016.07.17"]
[PlyCount "56"]

1.e4 d6 2.d4 Nf6 3.Nc3 g6 4.Bg5 Bg7 5.Nf3 h6 6.Be3 O-O 7.h3 Nc6 8.Qd2 Kh7 
9.Bd3 e5 10.g4 exd4 11.Nxd4 Qe7 12.O-O-O Nb4 13.Bc4 Nxe4 14.Nxe4 d5 15.g5 
Qxe4 16.Qxb4 dxc4 17.gxh6 Bxd4 18.Qxf8 Bxe3+ 19.fxe3 Qxc2+ 20.Kxc2 Bf5+ 
21.Kc3 Rxf8 22.Kxc4 Re8 23.Rhe1 Kxh6 24.Rd4 Re5 25.Rh4+ Kg7 26.Kd4 Ra5 27.
e4 Rxa2 28.exf5 Ra4+ 0-1

[Event "12th Africa-ch"]
[Site "Kampala UGA"]
[Date "2016.07.17"]
[Round "1"]
[White "Arab, Adlane"]
[Black "Talbi, Chafik"]
[Result "1-0"]
[WhiteElo "2482"]
[BlackElo "2206"]
[EventDate "2016.07.17"]
[PlyCount "58"]

1.d4 Nf6 2.c4 e6 3.Nf3 d5 4.Nc3 dxc4 5.e3 a6 6.a4 c5 7.Bxc4 Nc6 8.O-O Be7 
9.Qe2 cxd4 10.Rd1 e5 11.exd4 exd4 12.Nxd4 Nxd4 13.Qe5 Qd6 14.Qxd4 Qxd4 15.
Rxd4 O-O 16.Bg5 Bf5 17.Re1 Rae8 18.Re5 Bg6 19.h4 h6 20.h5 Bxh5 21.Bh4 Bd8 
22.Rxe8 Rxe8 23.Ne4 Rf8 24.Nxf6+ Bxf6 25.Bxf6 gxf6 26.Rd6 Re8 27.Kh2 Re1 
28.Rxf6 Bg6 29.Rb6 Re7 1-0

[Event "12th Africa-ch"]
[Site "Kampala UGA"]
[Date "2016.07.17"]
[Round "1"]
[White "Alberto, Manuel"]
[Black "Ameir, Moheb"]
[Result "1/2-1/2"]
[WhiteElo "2191"]
[BlackElo "2438"]
[EventDate "2016.07.17"]
[PlyCount "130"]

1.e4 c5 2.Nf3 e6 3.c3 Nf6 4.e5 Nd5 5.d4 cxd4 6.Qxd4 Nc6 7.Qe4 d6 8.Bb5 Bd7
9.Bd3 dxe5 10.Nxe5 Nf6 11.Qe2 Nxe5 12.Qxe5 Bc6 13.Bb5 Rc8 14.O-O Bd6 15.
Bxc6+ Rxc6 16.Qe2 Nd5 17.Rd1 O-O 18.g3 Qc8 19.Nd2 h6 20.Nf3 Bb8 21.Nd4 Rb6
22.c4 Nf6 23.Be3 e5 24.Nb5 Ra6 25.b4 Qh3 26.Bc5 Re8 27.Bd6 e4 28.Qf1 Qh5 
29.c5 Ng4 30.h3 Ne5 31.Bxb8 Rxb8 32.Nd6 Qg6 33.a4 Rc6 34.Rd5 Nd3 35.Rd4 
Rd8 36.Rd1 Rcxd6 37.Rxd6 Rxd6 38.cxd6 Qxd6 39.Qe1 Qc6 40.Qd2 Qxa4 41.Rb1 
Qd7 42.Qe3 Qf5 43.Ra1 a6 44.Ra5 Qg6 45.b5 f5 46.bxa6 bxa6 47.Kh2 Qf6 48.
Kg2 Qe6 49.h4 Qc8 50.Kh2 Kh7 51.h5 Qe6 52.Kg2 Kh8 53.Qa7 Ne1+ 54.Kh1 f4 
55.g4 e3 56.Qa8+ Kh7 57.f3 e2 58.Rxa6 Qe7 59.g5 hxg5 60.Qd5 Qe8 61.Qf5+ 
Kg8 62.Qd5+ Kh7 63.Qf5+ Kg8 64.Qd5+ Kh7 65.Qf5+ Kg8 1/2-1/2

[Event "12th Africa-ch"]
[Site "Kampala UGA"]
[Date "2016.07.17"]
[Round "1"]
[White "El-Gindy, Essam"]
[Black "Magana, Benjamin"]
[Result "1-0"]
[WhiteElo "2431"]
[BlackElo "2149"]
[EventDate "2016.07.17"]
[PlyCount "120"]

1.d4 d5 2.c4 e5 3.dxe5 d4 4.Nf3 Nc6 5.g3 Nge7 6.Bg2 Ng6 7.O-O Be7 8.Na3 
O-O 9.Nc2 Bc5 10.b4 Nxb4 11.Ncxd4 Nxe5 12.Nb3 Nxf3+ 13.Bxf3 Be7 14.Bb2 Bh3
15.Re1 Bf5 16.Nd4 Bg6 17.a3 Nc2 18.Nxc2 Qxd1 19.Rexd1 Bxc2 20.Rd2 Ba4 21.
Bxb7 Rab8 22.Bf3 f6 23.e3 Rfd8 24.Rxd8+ Rxd8 25.Bd4 c5 26.Bc3 Rb8 27.Bd5+ 
Kf8 28.Be4 g6 29.Rb1 Rb3 30.Rxb3 Bxb3 31.Bd5 Ke8 32.Kf1 Bd8 33.Ke2 h6 34.
Kd3 Ba4 35.e4 Ke7 36.f4 Bc7 37.Ke3 Bd1 38.h3 Ba4 39.g4 g5 40.e5 gxf4+ 41.
Kxf4 Bc2 42.h4 Bg6 43.g5 hxg5+ 44.hxg5 f5 45.Bd2 Bh7 46.Be3 Bb6 47.Bg1 Bg6
48.Bf2 Kd7 49.Bg2 Ke6 50.Bc6 Ke7 51.a4 a5 52.Be3 Ke6 53.Bd2 Bc7 54.Bc3 Ke7
55.Kg3 Ke6 56.Bd5+ Ke7 57.Kf4 Kd7 58.Be1 Ke7 59.Bf2 Bb6 60.Bg8 Ba7 1-0

[Event "12th Africa-ch"]
[Site "Kampala UGA"]
[Date "2016.07.17"]
[Round "1"]
[White "Bouah, Lyndon"]
[Black "Cawdery, Daniel"]
[Result "1/2-1/2"]
[WhiteElo "2124"]
[BlackElo "2412"]
[EventDate "2016.07.17"]
[PlyCount "80"]

1.e4 c5 2.Nf3 Nc6 3.d4 cxd4 4.Nxd4 g6 5.c4 Nf6 6.Nc3 d6 7.f3 Nxd4 8.Qxd4 
Bg7 9.Be3 O-O 10.Qd2 Be6 11.Rc1 Qa5 12.Be2 Rfc8 13.b3 a6 14.Nd5 Qxd2+ 15.
Kxd2 Nxd5 16.cxd5 Bd7 17.Rxc8+ Rxc8 18.Rc1 Rxc1 19.Kxc1 f5 20.Kc2 fxe4 21.
fxe4 Be5 22.g3 Kf7 23.a4 Kf6 24.Kd3 g5 25.Bd4 g4 26.Ke3 h5 27.Bd3 Be8 28.
Be2 Bf7 29.Bc4 e6 30.a5 exd5 31.exd5 Be8 32.Bd3 Bd7 33.Bc4 Bf5 34.Be2 Bc2 
35.Bc4 Bd1 36.Ke4 Bf3+ 37.Ke3 Ke7 38.Bxe5 dxe5 39.d6+ Kxd6 40.Bf7 Bd5 
1/2-1/2

[Event "12th Africa-ch"]
[Site "Kampala UGA"]
[Date "2016.07.17"]
[Round "1"]
[White "Kayonde, Andrew"]
[Black "Gonza, Simon"]
[Result "1-0"]
[WhiteElo "2404"]
[BlackElo "2097"]
[EventDate "2016.07.17"]
[PlyCount "121"]

1.d4 Nf6 2.c4 g6 3.Nc3 Bg7 4.e4 d6 5.Nf3 O-O 6.h3 e5 7.d5 Nbd7 8.Bg5 h6 9.
Be3 b6 10.Bd3 Nc5 11.Bc2 a5 12.a3 Nh5 13.Qd2 Kh7 14.g4 Nf6 15.Qd1 Ba6 16.
b4 axb4 17.axb4 Ncd7 18.Nd2 Qe7 19.Ba4 Bb7 20.f3 Rfc8 21.Bc6 Rxa1 22.Qxa1 
Ra8 23.Qb2 Bxc6 24.dxc6 Nf8 25.O-O Ne6 26.Ne2 Qe8 27.b5 Ra7 28.Ra1 Qa8 29.
Nb3 Rxa1+ 30.Qxa1 Qxa1+ 31.Nxa1 Ne8 32.Nc2 Bf6 33.Nb4 Bd8 34.Nd5 Nf6 35.
Nb4 Kg7 36.Nc3 Ne8 37.Na4 Nc5 38.Bxc5 dxc5 39.Nd5 Nd6 40.Nb2 f6 41.Kf2 Kf7
42.Ke3 Ke6 43.Kd3 f5 44.Na4 fxe4+ 45.fxe4 Ne8 46.Ke2 Kd6 47.Nb2 Ng7 48.Kf3
Ne6 49.Kg3 Bg5 50.h4 Bf4+ 51.Kg2 Bc1 52.Nd3 Nf4+ 53.N3xf4 Bxf4 54.Kf3 Bd2 
55.h5 g5 56.Nf6 Ke7 57.Ng8+ Ke6 58.Nxh6 Kf6 59.Nf5 Bf4 60.Nd6 Ke7 61.Nc8+ 
1-0

[Event "12th Africa-ch"]
[Site "Kampala UGA"]
[Date "2016.07.17"]
[Round "1"]
[White "Farouk, Fauza"]
[Black "Hesham, Abdelrahman"]
[Result "0-1"]
[WhiteElo "2093"]
[BlackElo "2400"]
[EventDate "2016.07.17"]
[PlyCount "66"]

1.e4 e5 2.Nf3 Nc6 3.d4 exd4 4.Nxd4 Nf6 5.Nxc6 bxc6 6.Bd3 d5 7.exd5 cxd5 8.
O-O Be7 9.Nd2 O-O 10.Re1 c5 11.b3 a5 12.a4 Be6 13.Ba3 Qc7 14.c4 d4 15.Nf3 
Bd6 16.h3 h6 17.Bc1 Rab8 18.Rb1 Rfe8 19.Bd2 Bd7 20.Qc2 Bc6 21.Nh4 Bh2+ 22.
Kh1 Bg3 23.Nf5 Bxf2 24.Rf1 Be3 25.Bxe3 dxe3 26.Nxh6+ Kf8 27.Qe2 Re6 28.Nf5
g6 29.Nh6 Kg7 30.Ng4 Nh5 31.Qb2+ f6 32.Rfe1 Qg3 33.Nh2 Rxb3 0-1

[Event "12th Africa-ch"]
[Site "Kampala UGA"]
[Date "2016.07.17"]
[Round "1"]
[White "Ssegwanyi, Arthur"]
[Black "Panchol, James Madol"]
[Result "1-0"]
[WhiteElo "2366"]
[BlackElo "2037"]
[EventDate "2016.07.17"]
[PlyCount "71"]

1.e4 e6 2.d4 d5 3.Nc3 Nf6 4.Bg5 Be7 5.e5 Nfd7 6.h4 a6 7.Qg4 Bxg5 8.hxg5 c5
9.g6 f5 10.Qf4 h6 11.Nf3 Nc6 12.dxc5 Qa5 13.O-O-O Qxc5 14.g4 Nb6 15.Nd4 
Nxd4 16.Rxd4 Rf8 17.gxf5 Rxf5 18.Qe3 Bd7 19.Bd3 Rf8 20.f4 Bb5 21.Kb1 Rc8 
22.Rd1 Bxd3 23.cxd3 Rf5 24.Rc1 Kd7 25.a3 a5 26.b4 axb4 27.Ne2 Qa5 28.Rxb4 
Rxc1+ 29.Nxc1 Kc7 30.Nb3 Qa6 31.Qc5+ Kb8 32.Qd6+ Ka8 33.Nc5 Nc8 34.Qc7 Qc6
35.Ra4+ Qxa4 36.Qxb7# 1-0

[Event "12th Africa-ch"]
[Site "Kampala UGA"]
[Date "2016.07.17"]
[Round "1"]
[White "Aderito, Pedro"]
[Black "Anquandah, Frances"]
[Result "1-0"]
[WhiteElo "2318"]
[BlackElo "2019"]
[EventDate "2016.07.17"]
[PlyCount "59"]

1.e4 d5 2.exd5 Qxd5 3.Nc3 Qa5 4.Nf3 c6 5.d4 Bf5 6.Ne5 Nd7 7.Qf3 e6 8.Nxd7 
Kxd7 9.Bd2 Qc7 10.O-O-O Nf6 11.h3 Rd8 12.g4 Bg6 13.h4 h5 14.g5 Nd5 15.Bd3 
f5 16.gxf6 Bxd3 17.Qxd3 gxf6 18.Ne4 Ke8 19.c4 Nf4 20.Qf3 Bh6 21.Be3 e5 22.
Kb1 Qf7 23.dxe5 fxe5 24.Nd6+ Rxd6 25.Rxd6 Qf5+ 26.Ka1 e4 27.Qd1 Nd3 28.
Bxh6 Qe5 29.Rxd3 exd3 30.Be3 1-0

[Event "12th Africa-ch"]
[Site "Kampala UGA"]
[Date "2016.07.17"]
[Round "1"]
[White "Mwangi, Martin Njoroge"]
[Black "Silva, David"]
[Result "0-1"]
[WhiteElo "1785"]
[BlackElo "2305"]
[EventDate "2016.07.17"]
[PlyCount "80"]

1.Nf3 Nf6 2.g3 g6 3.Bg2 Bg7 4.O-O O-O 5.d3 d5 6.Nbd2 Nc6 7.e4 dxe4 8.dxe4 
e5 9.c3 Qd3 10.Re1 a5 11.Bf1 Qd6 12.a4 Rd8 13.Qe2 Be6 14.Nc4 Qc5 15.b3 b5 
16.Be3 Bxc4 17.Bxc5 Bxe2 18.Rxe2 bxa4 19.bxa4 Rd3 20.Rc2 Rxf3 21.Bb5 Nd8 
22.Be2 Nd7 23.Be7 Nc6 24.Rd1 Nb6 25.Bg5 Rf6 26.Bxf6 Bxf6 27.Kg2 Be7 28.
Rdd2 Rb8 29.Ra2 Bc5 30.Bb5 Na7 31.Be2 Kf8 32.Ra1 Ke7 33.Kf3 Nac8 34.Raa2 
Nd6 35.Rab2 Rf8 36.Rb1 f5 37.exf5 Rxf5+ 38.Kg2 Rxf2+ 39.Kh1 e4 40.Bb5 Rxd2
0-1

[Event "12th Africa-ch"]
[Site "Kampala UGA"]
[Date "2016.07.17"]
[Round "1"]
[White "Oussedik, Mahfoud"]
[Black "Fidow, Kassim Hassan"]
[Result "1-0"]
[WhiteElo "2299"]
[BlackElo "1558"]
[EventDate "2016.07.17"]
[PlyCount "65"]

1.d4 Nf6 2.c4 e6 3.Nf3 Be7 4.g3 d5 5.Bg2 c6 6.Qc2 Nbd7 7.O-O O-O 8.Rd1 Qb6
9.Nc3 Qa6 10.cxd5 cxd5 11.a4 Qc6 12.Qb3 a6 13.Bf4 Qb6 14.Qc2 Re8 15.a5 Qc6
16.Qb3 b5 17.Ne5 Nxe5 18.dxe5 Nh5 19.Be3 g6 20.Bd4 Bb7 21.Rac1 Qd7 22.e4 
dxe4 23.Bb6 Bd5 24.Nxd5 exd5 25.Bxe4 Rac8 26.Bxd5 Bg5 27.Rxc8 Rxc8 28.e6 
Qe7 29.exf7+ Kg7 30.Be6 Rc1 31.Rxc1 Bxc1 32.Qc3+ Qf6 33.Bc4 1-0

[Event "12th Africa-ch"]
[Site "Kampala UGA"]
[Date "2016.07.17"]
[Round "1"]
[White "Mohamud, Hussein Ali"]
[Black "Roberto Soares, Erikson"]
[Result "0-1"]
[WhiteElo "1557"]
[BlackElo "2282"]
[EventDate "2016.07.17"]
[PlyCount "48"]

1.e4 e6 2.d4 d5 3.Nc3 Nf6 4.Bg5 Bb4 5.e5 h6 6.Bd2 Bxc3 7.Bxc3 Ne4 8.Bb4 c5
9.dxc5 Nxf2 10.Kxf2 Qh4+ 11.g3 Qxb4 12.Nf3 Nc6 13.Bd3 O-O 14.b3 f6 15.exf6
Rxf6 16.Kg2 e5 17.Be2 Qxc5 18.Rf1 Bg4 19.Qd2 Raf8 20.h3 Bxf3+ 21.Bxf3 e4 
22.Bg4 e3 23.Qd1 Rxf1 24.Qxf1 Qxc2+ 0-1

[Event "12th Africa-ch"]
[Site "Kampala UGA"]
[Date "2016.07.18"]
[Round "2"]
[White "Shoker, Samy"]
[Black "Ssegwanyi, Arthur"]
[Result "1-0"]
[WhiteElo "2489"]
[BlackElo "2366"]
[EventDate "2016.07.17"]
[PlyCount "85"]

1.Nf3 Nf6 2.g3 d5 3.Bg2 Nc6 4.d3 e5 5.O-O Be7 6.Nc3 h6 7.e3 O-O 8.b3 Bg4 
9.h3 Be6 10.Bb2 Qd7 11.Kh2 Rad8 12.Ne2 Qd6 13.a4 Bc8 14.d4 exd4 15.exd4 
Ne4 16.c4 Rfe8 17.Ne5 Bf5 18.f3 Nf6 19.c5 Qe6 20.g4 Bh7 21.f4 Be4 22.Ng3 
Bxg2 23.Kxg2 Ne4 24.Qd3 Nb4 25.Qd1 f6 26.f5 Qa6 27.Ng6 Nd3 28.Ba3 Nxg3 29.
Kxg3 Bf8 30.Qf3 Re4 31.Rad1 Rxd4 32.Qe3 Nxc5 33.Qxd4 Ne4+ 34.Qxe4 Bd6+ 35.
Bxd6 dxe4 36.Bxc7 Rd3+ 37.Kh4 Kf7 38.Rc1 Ke8 39.Rfe1 e3 40.Bf4 Qb6 41.Rc8+
Kd7 42.Rec1 Rd6 43.Nf8+ 1-0

[Event "12th Africa-ch"]
[Site "Kampala UGA"]
[Date "2016.07.18"]
[Round "2"]
[White "Aderito, Pedro"]
[Black "Arab, Adlane"]
[Result "0-1"]
[WhiteElo "2318"]
[BlackElo "2482"]
[EventDate "2016.07.17"]
[PlyCount "118"]

1.Nf3 Nf6 2.d4 e6 3.c4 b6 4.Nc3 Bb4 5.Bg5 Bb7 6.Rc1 h6 7.Bxf6 Qxf6 8.a3 
Bxc3+ 9.Rxc3 O-O 10.e3 d6 11.Be2 Nd7 12.O-O a5 13.Qa4 Rfd8 14.Nd2 c5 15.
Bf3 cxd4 16.exd4 Bxf3 17.Nxf3 Rac8 18.Rd1 Rc7 19.Re3 Rdc8 20.b3 Qf5 21.h3 
Nf6 22.g4 Qf4 23.Qb5 d5 24.Ne5 h5 25.gxh5 dxc4 26.bxc4 Qg5+ 27.Rg3 Qxh5 
28.Qb3 Ne4 29.Rg4 Nd6 30.Rc1 Qh6 31.Rc2 Nf5 32.Kh2 Rb8 33.a4 Qf6 34.Re2 
Qd8 35.Qd3 Qd6 36.Kg1 Rd8 37.d5 Nh6 38.Rd4 Qc5 39.Qe4 Qa3 40.Rd3 exd5 41.
cxd5 Rc1+ 42.Kg2 Qd6 43.Nc6 Ra8 44.Ne7+ Kh8 45.Rg3 Rd1 46.Rg5 Rd8 47.Re3 
Qf6 48.Reg3 Rd4 49.Qe3 Rd7 50.Nf5 Nxf5 51.Rh5+ Nh6 52.Qe8+ Kh7 53.Qxd7 Rf4
54.Qb5 Rxf2+ 55.Kg1 Rd2 56.Qb1+ g6 57.Rg2 Rd4 58.Kh2 Qf4+ 59.Kh1 Qf3 0-1

[Event "12th Africa-ch"]
[Site "Kampala UGA"]
[Date "2016.07.18"]
[Round "2"]
[White "Silva, David"]
[Black "El-Gindy, Essam"]
[Result "0-1"]
[WhiteElo "2305"]
[BlackElo "2431"]
[EventDate "2016.07.17"]
[PlyCount "73"]

1.e4 c5 2.Nf3 Nc6 3.Bb5 Nf6 4.Bxc6 dxc6 5.d3 g6 6.Nc3 Bg7 7.Bf4 O-O 8.Qd2 
Bg4 9.Ne5 Be6 10.h3 Qb6 11.O-O Rfd8 12.a4 a5 13.Qc1 Qa6 14.Qe3 c4 15.dxc4 
Bxc4 16.Rfd1 Be6 17.Nd3 Nd7 18.Nc5 Nxc5 19.Qxc5 Re8 20.Qe3 Qa7 21.Qxa7 
Rxa7 22.Be3 Ra6 23.Bd4 Bh6 24.b3 Rc8 25.Bc5 Kf8 26.Rd3 b6 27.Ba3 Ke8 28.
Rad1 Ra7 29.Kf1 Rb7 30.Ne2 Rbb8 31.Nd4 Bd7 32.Nf3 Bg7 33.Bc1 Be6 34.Bd2 
Rb7 35.Bc3 Bxc3 36.Rxc3 Rd7 37.Ra1 0-1

[Event "12th Africa-ch"]
[Site "Kampala UGA"]
[Date "2016.07.18"]
[Round "2"]
[White "Roberto Soares, Erikson"]
[Black "Kayonde, Andrew"]
[Result "0-1"]
[WhiteElo "2282"]
[BlackElo "2404"]
[EventDate "2016.07.17"]
[PlyCount "36"]

1.Nf3 d5 2.g3 c6 3.Bg2 Bg4 4.Ne5 Bf5 5.d4 Nd7 6.O-O h5 7.Nf3 e6 8.Nbd2 Be7
9.Re1 Ngf6 10.h4 Ne4 11.Nxe4 Bxe4 12.Ng5 Bxg5 13.Bxg5 f6 14.f3 fxg5 15.
fxe4 gxh4 16.exd5 hxg3 17.e4 Qh4 18.Re3 O-O 0-1

[Event "12th Africa-ch"]
[Site "Kampala UGA"]
[Date "2016.07.18"]
[Round "2"]
[White "Hesham, Abdelrahman"]
[Black "Oussedik, Mahfoud"]
[Result "1/2-1/2"]
[WhiteElo "2400"]
[BlackElo "2299"]
[EventDate "2016.07.17"]
[PlyCount "96"]

1.d4 Nf6 2.c4 e6 3.Nf3 b6 4.g3 Bb7 5.Bg2 g6 6.O-O Bg7 7.Nc3 O-O 8.d5 exd5 
9.cxd5 c6 10.e4 Na6 11.Nd4 cxd5 12.exd5 d6 13.Be3 Qd7 14.Re1 Rfe8 15.Rc1 
Nc7 16.Nc6 Ng4 17.Bd4 Rxe1+ 18.Qxe1 Bxd4 19.Nxd4 Nf6 20.Nc6 Bxc6 21.dxc6 
Qe6 22.a4 Qxe1+ 23.Rxe1 Kf8 24.Nb5 Nxb5 25.axb5 Ne8 26.f4 Nc7 27.Bf1 d5 
28.Kf2 Re8 29.Ra1 Ra8 30.Kf3 Ke7 31.Re1+ Kd6 32.f5 a6 33.bxa6 b5 34.f6 
Rxa6 35.Re7 Rxc6 36.Rxf7 Ke5 37.Rxh7 Kxf6 38.Bd3 b4 39.h4 b3 40.h5 Ne6 41.
Rh6 Rc2 42.hxg6 Nc5 43.Bf5 Ne4 44.g4 Rxb2 45.Rh8 Rf2+ 46.Ke3 b2 47.Rb8 Kg7
48.Rb7+ Kg8 1/2-1/2

[Event "12th Africa-ch"]
[Site "Kampala UGA"]
[Date "2016.07.18"]
[Round "2"]
[White "Ameir, Moheb"]
[Black "Wanyama, Harold"]
[Result "1-0"]
[WhiteElo "2438"]
[BlackElo "2269"]
[EventDate "2016.07.17"]
[PlyCount "75"]

1.e4 c5 2.Nf3 Nc6 3.Bb5 e6 4.Bxc6 bxc6 5.b3 d6 6.O-O e5 7.c3 Nf6 8.d4 cxd4
9.cxd4 exd4 10.Nxd4 c5 11.Nc2 Bb7 12.Nc3 Be7 13.Qd3 d5 14.Qb5+ Qd7 15.
Qxd7+ Kxd7 16.exd5 Nxd5 17.Rd1 Ke6 18.Re1+ Kd7 19.Rd1 Ke6 20.Re1+ Kd7 21.
Bb2 Nxc3 22.Bxc3 Rae8 23.Ne3 Bf6 24.Bxf6 gxf6 25.Rac1 Re5 26.Red1+ Ke7 27.
Rc3 Rd8 28.Rdc1 f5 29.g3 f4 30.gxf4 Rg8+ 31.Kf1 Rh5 32.Rxc5 Rxh2 33.Rc7+ 
Kf6 34.Ke2 Bh1 35.Rxa7 Re8 36.Rcc7 Bd5 37.Rc5 Rh5 38.Raa5 1-0

[Event "12th Africa-ch"]
[Site "Kampala UGA"]
[Date "2016.07.18"]
[Round "2"]
[White "Kigigha, Bomo"]
[Black "Adly, Ahmed"]
[Result "0-1"]
[WhiteElo "2344"]
[BlackElo "2607"]
[EventDate "2016.07.17"]
[PlyCount "66"]

1.c4 e6 2.Nf3 d5 3.b3 Nf6 4.g3 a5 5.Bg2 a4 6.O-O axb3 7.Qxb3 Nc6 8.cxd5 
exd5 9.Bb2 Be7 10.d3 O-O 11.Nbd2 Ra6 12.a3 Be6 13.Qc2 Qa8 14.Rfb1 Nd7 15.
Nd4 Nxd4 16.Bxd4 c5 17.Bb2 b5 18.e4 dxe4 19.dxe4 Qa7 20.Bc3 Rb8 21.Qb2 c4 
22.Bb4 Nc5 23.Qd4 Qc7 24.e5 Bf5 25.Rf1 Rd8 26.Qe3 Rd3 27.Qf4 Bg6 28.Ne4 
Ne6 29.Qc1 Nd4 30.Qb2 Bxe4 31.Bd6 Qb7 32.Bxe4 Qxe4 33.Bxe7 Ne2+ 0-1

[Event "12th Africa-ch"]
[Site "Kampala UGA"]
[Date "2016.07.18"]
[Round "2"]
[White "Cawdery, Daniel"]
[Black "Alberto, Manuel"]
[Result "1-0"]
[WhiteElo "2412"]
[BlackElo "2191"]
[EventDate "2016.07.17"]
[PlyCount "147"]

1.e4 e5 2.Nf3 Nc6 3.Bb5 Bc5 4.O-O Qf6 5.d3 Nge7 6.Bg5 Qd6 7.Nbd2 f6 8.Nc4 
Qe6 9.Be3 Bxe3 10.Nxe3 g6 11.Re1 Kf8 12.c3 Qf7 13.Bc4 Qe8 14.Nd5 Nxd5 15.
exd5 Na5 16.Bb5 a6 17.Ba4 b5 18.Bc2 d6 19.b4 Nb7 20.a4 Bd7 21.d4 Kg7 22.
Nd2 Qf7 23.Ne4 Rhe8 24.dxe5 Rxe5 25.axb5 Rxd5 26.Qf3 Rxb5 27.Nd2 c6 28.Bd3
Re5 29.Rxe5 fxe5 30.Qe3 Be6 31.Qb6 Qd7 32.b5 Nc5 33.Be4 Nxe4 34.bxc6 Qa7 
35.Qxa7+ Rxa7 36.Nxe4 Bd5 37.Nxd6 Bxc6 38.f3 a5 39.Nc4 a4 40.Nxe5 Be8 41.
Ra3 Kf6 42.Nd3 Ke6 43.Kf2 Kd5 44.Ke3 Re7+ 45.Kd2 Bb5 46.Ra1 Rd7 47.Kc2 Re7
48.Nf4+ Kc5 49.h4 Ra7 50.Ne6+ Kd5 51.Nd4 Bc4 52.Kb2 Bd3 53.Nc2 Bxc2 54.
Kxc2 Kc4 55.Rd1 a3 56.Rd4+ Kc5 57.Kb1 Rb7+ 58.Ka2 Rb2+ 59.Kxa3 Rxg2 60.Rd7
Rg3 61.Rxh7 Rxf3 62.Kb3 Rh3 63.Rc7+ Kb6 64.Rc4 Kb5 65.Rg4 Kc5 66.Rg5+ Kc6 
67.Rxg6+ Kc7 68.Rh6 Rh1 69.Rh8 Kb7 70.h5 Rh4 71.h6 Ka7 72.h7 Kb7 73.c4 Ka7
74.c5 1-0

[Event "12th Africa-ch"]
[Site "Kampala UGA"]
[Date "2016.07.18"]
[Round "2"]
[White "Kawuma, Patrick"]
[Black "Bouah, Lyndon"]
[Result "1-0"]
[WhiteElo "2247"]
[BlackElo "2124"]
[EventDate "2016.07.17"]
[PlyCount "97"]

1.d4 Nf6 2.Nf3 g6 3.c4 Bg7 4.Nc3 O-O 5.e4 d6 6.Be2 e5 7.O-O Nc6 8.d5 Ne7 
9.Nd2 Nd7 10.b4 f5 11.c5 Nf6 12.f3 f4 13.Nc4 g5 14.a4 Ng6 15.Ba3 Rf7 16.b5
Bf8 17.b6 cxb6 18.cxd6 h5 19.Nb5 Ne8 20.Bb2 Bg7 21.Ra2 a6 22.Nc7 Nxc7 23.
dxc7 Qxc7 24.Qb3 Bf8 25.Kh1 Qe7 26.Qxb6 Rg7 27.Ba3 Qe8 28.Bxf8 Qxf8 29.Rc1
Bd7 30.Qd6 Qe8 31.Nb6 Rd8 32.Rac2 g4 33.Nxd7 Rgxd7 34.Qe6+ Qxe6 35.dxe6 
Rd4 36.fxg4 hxg4 37.Bxg4 Rxe4 38.Rc7 Red4 39.Bh5 e4 40.Re1 f3 41.gxf3 Rd1 
42.Rc1 Rxc1 43.Rxc1 e3 44.Bxg6 e2 45.Bc2 Rd2 46.Bb3 Kf8 47.Kg1 b5 48.axb5 
axb5 49.Kf2 1-0

[Event "12th Africa-ch"]
[Site "Kampala UGA"]
[Date "2016.07.18"]
[Round "2"]
[White "Talbi, Chafik"]
[Black "Kamoga, Rajab"]
[Result "1-0"]
[WhiteElo "2206"]
[BlackElo "2087"]
[EventDate "2016.07.17"]
[PlyCount "97"]

1.Nf3 c5 2.e4 Nc6 3.Bb5 e6 4.Bxc6 bxc6 5.e5 d5 6.exd6 Bxd6 7.O-O Nf6 8.Re1
Qc7 9.b3 c4 10.bxc4 Rb8 11.Nc3 Ba6 12.d3 O-O 13.Qe2 Rfe8 14.h3 h6 15.Bd2 
Rb2 16.Nd1 Rbb8 17.Bc3 Nd7 18.Ne3 Bb4 19.Qd2 Qa5 20.Bxb4 Qxb4 21.Reb1 Qxd2
22.Nxd2 Rxb1+ 23.Rxb1 Rb8 24.Rb3 Rxb3 25.axb3 Kf8 26.Kf1 Ke7 27.Ke2 c5 28.
c3 f5 29.b4 Bb7 30.f3 Nf6 31.g4 fxg4 32.fxg4 g5 33.Nb3 Nd7 34.d4 cxd4 35.
cxd4 Nf6 36.Nc5 Bc8 37.b5 Nd7 38.Nxd7 Bxd7 39.Kd3 Be8 40.Ke4 Kf6 41.d5 
Bg6+ 42.Kd4 exd5 43.Nxd5+ Ke6 44.Nb4 Be8 45.Kc5 Bg6 46.Nc6 Be4 47.Nxa7 Bg2
48.Kb6 Bxh3 49.c5 1-0

[Event "12th Africa-ch"]
[Site "Kampala UGA"]
[Date "2016.07.18"]
[Round "2"]
[White "Anquandah, Frances"]
[Black "Aguiar, Cristiano"]
[Result "0-1"]
[WhiteElo "2019"]
[BlackElo "2219"]
[EventDate "2016.07.17"]
[PlyCount "60"]

1.e4 e5 2.Nf3 Nc6 3.Bc4 Nf6 4.Ng5 d5 5.exd5 Na5 6.d3 h6 7.Nf3 e4 8.Qe2 
Nxc4 9.dxc4 Bc5 10.h3 O-O 11.Nh2 e3 12.Bxe3 Bxe3 13.fxe3 Ne4 14.Nf1 Qh4+ 
15.g3 Qf6 16.c3 Bf5 17.Na3 Nxc3 18.Qd2 Ne4 19.Qe2 Nc5 20.O-O-O Be4 21.Nh2 
Bxh1 22.Rxh1 Qg6 23.Nf3 Nd3+ 24.Kd2 Nxb2 25.Nh4 Qa6 26.Qg4 Qxa3 27.Nf5 
Qd3+ 28.Kc1 Qc3+ 29.Kb1 Na4 30.Nxh6+ Kh7 0-1

[Event "12th Africa-ch"]
[Site "Kampala UGA"]
[Date "2016.07.18"]
[Round "2"]
[White "Magana, Benjamin"]
[Black "Mwangi, Martin Njoroge"]
[Result "1-0"]
[WhiteElo "2149"]
[BlackElo "1785"]
[EventDate "2016.07.17"]
[PlyCount "45"]

1.e4 g6 2.d4 Bg7 3.Nc3 d6 4.Be3 a6 5.h3 b5 6.Nf3 Nd7 7.Ne2 Bb7 8.Ng3 c5 9.
c3 Ngf6 10.Bd3 Qc7 11.O-O O-O 12.Qd2 c4 13.Bc2 e5 14.Bh6 exd4 15.Nxd4 Rfe8
16.Ngf5 Bxh6 17.Qxh6 gxf5 18.Nxf5 Nh5 19.Qxh5 Nf8 20.Nh6+ Kg7 21.Qg5+ Ng6 
22.Nf5+ Kf8 23.Qh6+ 1-0

[Event "12th Africa-ch"]
[Site "Kampala UGA"]
[Date "2016.07.18"]
[Round "2"]
[White "Gonza, Simon"]
[Black "Fidow, Kassim Hassan"]
[Result "1-0"]
[WhiteElo "2097"]
[BlackElo "1558"]
[EventDate "2016.07.17"]
[PlyCount "107"]

1.e4 c5 2.Nc3 Nc6 3.Bb5 Nd4 4.Bc4 e6 5.a3 Qg5 6.Nce2 Nxe2 7.Bxe2 Qxg2 8.
Bf3 Qg6 9.Ne2 Bd6 10.d4 cxd4 11.Qxd4 e5 12.Qd3 h6 13.Be3 b6 14.O-O-O Bc7 
15.Nc3 Qc6 16.Nd5 a5 17.Qb5 Qb7 18.Nxc7+ Qxc7 19.Bxb6 Qb8 20.Qc5 Ba6 21.
Bxa5 Qb5 22.Qxb5 Bxb5 23.Bb4 Ne7 24.Rhg1 g6 25.Bxe7 Kxe7 26.Rd2 d6 27.Be2 
Rhb8 28.Bxb5 Rxb5 29.Rg3 Ra4 30.b4 Ke6 31.Kb2 Ra6 32.Kb3 Rab6 33.c4 Ra5 
34.Rgd3 Ra8 35.a4 Ke7 36.b5 f5 37.exf5 gxf5 38.Rh3 Rh8 39.a5 Rbb8 40.Rhd3 
Rhd8 41.b6 e4 42.Rd5 Ke6 43.c5 f4 44.Rxd6+ Rxd6 45.Rxd6+ Ke5 46.a6 e3 47.
fxe3 fxe3 48.Rd1 e2 49.Re1 Kd4 50.a7 Rf8 51.Rxe2 Kxc5 52.b7 Rf3+ 53.Kb2 
Rf4 54.b8=Q 1-0

[Event "12th Africa-ch"]
[Site "Kampala UGA"]
[Date "2016.07.18"]
[Round "2"]
[White "Panchol, James Madol"]
[Black "Mohamud, Hussein Ali"]
[Result "1-0"]
[WhiteElo "2037"]
[BlackElo "1557"]
[EventDate "2016.07.17"]
[PlyCount "51"]

1.e4 e5 2.Nf3 Nc6 3.Bc4 Bc5 4.c3 Nf6 5.d4 exd4 6.cxd4 Bb4+ 7.Bd2 d6 8.Bxb4
Nxb4 9.Qb3 Nc6 10.Bxf7+ Kf8 11.Nc3 Qe7 12.Bc4 Na5 13.Qb5 Nxc4 14.Qxc4 Nxe4
15.O-O Nxc3 16.bxc3 g6 17.Rfe1 Qf7 18.d5 c5 19.Ng5 Qf5 20.Ne4 Qd7 21.Nf6 
Qf7 22.Ne8 b5 23.Qh4 h6 24.Nxd6 g5 25.Qe4 Bd7 26.Nxf7 1-0

[Event "12th Africa-ch"]
[Site "Kampala UGA"]
[Date "2016.07.19"]
[Round "3"]
[White "El-Gindy, Essam"]
[Black "Shoker, Samy"]
[Result "1/2-1/2"]
[WhiteElo "2431"]
[BlackElo "2489"]
[EventDate "2016.07.17"]
[PlyCount "61"]

1.Nf3 d6 2.d4 g6 3.g3 Bg7 4.Bg2 Nf6 5.O-O O-O 6.a4 Nbd7 7.a5 Rb8 8.Nc3 e5 
9.Nb5 Ra8 10.dxe5 dxe5 11.a6 bxa6 12.Ng5 Rb8 13.Nxa7 Bb7 14.Nc6 Bxc6 15.
Bxc6 Rb6 16.Bg2 h6 17.Ne4 Nxe4 18.Bxe4 f5 19.Bd5+ Kh7 20.Bg2 e4 21.Bf4 Ne5
22.b3 g5 23.Qxd8 Rxd8 24.Bxe5 Bxe5 25.c4 Rxb3 26.Rxa6 Rd2 27.Re6 Bd6 28.e3
Rbb2 29.g4 Bc5 30.Re5 Bxe3 31.Rxf5 1/2-1/2

[Event "12th Africa-ch"]
[Site "Kampala UGA"]
[Date "2016.07.19"]
[Round "3"]
[White "Arab, Adlane"]
[Black "Kayonde, Andrew"]
[Result "1-0"]
[WhiteElo "2482"]
[BlackElo "2404"]
[EventDate "2016.07.17"]
[PlyCount "69"]

1.d4 d5 2.c4 c6 3.Nf3 e6 4.e3 f5 5.Bd3 Nf6 6.b3 Bd6 7.O-O Qe7 8.Bb2 O-O 9.
Qc1 b6 10.Ba3 Bb7 11.Bxd6 Qxd6 12.Qa3 c5 13.cxd5 Nxd5 14.dxc5 bxc5 15.Rd1 
Nd7 16.Qb2 Rad8 17.Na3 Qe7 18.Nc4 f4 19.e4 Nb4 20.Qe2 Nxd3 21.Rxd3 Nf6 22.
Rxd8 Rxd8 23.Ncd2 Nd7 24.Rc1 Nb6 25.h3 Qf6 26.Rxc5 Qa1+ 27.Qf1 Qxa2 28.Rc7
Ba6 29.Qc1 Bb5 30.Qc3 Rd7 31.Ne5 Rxc7 32.Qxc7 h6 33.Qf7+ Kh8 34.Ng6+ Kh7 
35.Ne7 1-0